The Silmarillion characters by their last words - Statistics

General Stats
  • This quiz has been taken 156 times
    35 since last reset
  • The average score is 9 of 16
Answer Stats
Hint Answer % Correct
"Hail Gurthang! No lord or loyalty dost thou know, save the hand that wieldeth thee. From no blood wilt thou shrink. Wilt thou therefore take ______ Turambar, wilt thou slay me swiftly?" Turin
100%
"Come forth, whom earth and heaven abhors! Come forth, O montrous craven lord and fight with thine own hand and sword, thou wielder of hosts of banded thralls, thou tyrant leaguered with strong walls, thou foe of Gods and elvish race! I wait thee here. Come! Show thy face!" Fingolfin
85%
"How do ye of uncouth race dare to demand aught of me, Elu _______, Lord of Beleriand, whose life began by the waters of Cuivienen years uncounted ere the fathers of the stunted people awoke?" Thingol
81%
"Let Tuor be your guide and your chieftain. But I will not leave my city, and will burn with it. Lo, I abide here. If I am king, obey my behests, and dare not to parley further with my commands." Turgon
74%
"Farewell, O twice beloved! A Turin Turamabar turun ambartanen: master of doom by doom mastered! O happy to be dead!" Nienor
70%
"Utúlie'n aurë! Aiya Eldalië ar Atanatári, utúlie'n aurë! The day has come! Behold, people of the Eldar and Fathers of Men, the day has come!" Fingon
67%
"I give thee joy that thou hast found thy brother at last. And now thou shalt know him: a stabber in the dark, treacherous to foes, faithless to friends, and a curse unto his kin, Turin son of Hurin! But the worst of all his deeds thou shalt feel thyself." Glaurung
67%
"Now is the Quest achieved, and my doom full-wrought." Beren
63%
"So you forsake your father and his kin, illgotten son! Here shall you fail of all your hopes, and here may you yet die the same death as I." Eol
59%
"Tell the Mormegil that Finduilas is here." Finduilas
59%
"This I say to you lord, with the eyes of death: though we part here for ever, and I shall not look on your white walls again, from you and from me a new star shall arise! Farewell!" Huor
52%
"It will be long ere I am seen among the Noldor again; and it may be that we shall not meet a second time in death or life, for the fates of our kindreds are apart. Farewell!" Finrod
41%
"Yet I do not fear to die, for then I will go to seek Niniel whom I loved, and perhaps find her again beyond the Sea." Brandir
33%
"Little time is left. If you know, tell me! How did she find him?" Morwen
33%
"Keep your hate! It is as feeble as all your counsels. But for me the Orcs would have come and hung you as a scarecrow in your garden. Take the name of skulker to yourself!" Dorlas
15%
"It is indeed unhappy, and I would weep if i were not so weary. But hold me blameless in this, and in all that may come after." Miriel
11%
No matching quizzes found
Score Distribution
Percent of People with Each Score
Percentile by Number Answered
Your Score History
You have not taken this quiz since the last reset